<?xml version="1.0" encoding="UTF-8"?>
<record
    xmlns:xsi="http://www.w3.org/2001/XMLSchema-instance"
    xsi:schemaLocation="http://www.loc.gov/MARC21/slim http://www.loc.gov/standards/marcxml/schema/MARC21slim.xsd"
    xmlns="http://www.loc.gov/MARC21/slim">

  <leader>02201agaaa2200337   4500</leader>
  <controlfield tag="001">5349</controlfield>
  <controlfield tag="003">IT-RoPAU</controlfield>
  <controlfield tag="005">20220918181225.0</controlfield>
  <controlfield tag="007">d cvaizq</controlfield>
  <controlfield tag="008">50131s9999||||xx ||| |     ||   ||und||</controlfield>
  <datafield tag="040" ind1=" " ind2=" ">
    <subfield code="a">IT-RoPAU</subfield>
    <subfield code="c">IT-RoPAU</subfield>
  </datafield>
  <datafield tag="041" ind1=" " ind2=" ">
    <subfield code="a">ITALIANO</subfield>
  </datafield>
  <datafield tag="100" ind1=" " ind2=" ">
    <subfield code="a">Lauzier Gerard</subfield>
    <subfield code="g">Codice regista SPICS: 58067</subfield>
    <subfield code="9">37632</subfield>
  </datafield>
  <datafield tag="130" ind1=" " ind2=" ">
    <subfield code="a">MIO PADRE, CHE EROE!</subfield>
    <subfield code="9">37633</subfield>
  </datafield>
  <datafield tag="240" ind1=" " ind2=" ">
    <subfield code="a">MON PERE, CE HEROS</subfield>
    <subfield code="g">T3475</subfield>
  </datafield>
  <datafield tag="245" ind1=" " ind2=" ">
    <subfield code="a">MIO PADRE, CHE EROE!</subfield>
    <subfield code="c">Prodotto da: Livi Jean-Louis -- Sceneggiatura: Lauzier Gerard -- Diretto da: Lauzier Gerard</subfield>
    <subfield code="p">MIO PADRE, CHE EROE! (Rif. Codice opera principale : H5349)</subfield>
  </datafield>
  <datafield tag="246" ind1=" " ind2=" ">
    <subfield code="a">MON PERE, CE HEROS</subfield>
  </datafield>
  <datafield tag="250" ind1=" " ind2=" ">
    <subfield code="a">Edizione Standard</subfield>
  </datafield>
  <datafield tag="260" ind1=" " ind2=" ">
    <subfield code="a">(FRANCIA)</subfield>
    <subfield code="b">FILM PAR FILM - D.D. PROD. - ORLY FILM - TE1 / Distribuzione: MEC</subfield>
    <subfield code="g">"1991 (1&#xB0; ed.: 2005 ; Ed. Lingua Orig.: 1991)"</subfield>
  </datafield>
  <datafield tag="300" ind1=" " ind2=" ">
    <subfield code="a">DVD</subfield>
    <subfield code="b">sonoro, col.</subfield>
    <subfield code="c">100 minuti</subfield>
  </datafield>
  <datafield tag="508" ind1=" " ind2=" ">
    <subfield code="a">"Fotografia: Blossier Patrick; Montaggio: Klotz Georges; Musica: Bernheim Francois; Sceneggiatura: Lauzier Gerard; Scenografia: Marti Christian; "</subfield>
  </datafield>
  <datafield tag="511" ind1=" " ind2=" ">
    <subfield code="a">"Depardieu Gerard; Gillain Marie; Mille Patrick; Jacob Catherine; Herold Gerard; Dalto"</subfield>
  </datafield>
  <datafield tag="520" ind1=" " ind2=" ">
    <subfield code="a">COSA SUCCEDE QUANDO UN PADRE INGENUO E TRADIZIONALISTA PORTA LA FIGLIA, UN'ADOLESCENTE A CUI DAVVERO NON MANCA LA FANTASIA, IN VACANZA IN UN LUOGO ESOTICO PER RINVIGORIRE IL RAPPORTO? ESATTAMENTE CIO' CHE IL POVERO ANDRE' SPERIMENTA SULLA SUA PELLE, NEL DISPERATO TENTATIVO DI RITROVARE ANCORA UNA VOLTA LA BAMBINA DI UN TEMPO, ROVINANDO INEVITABILMENTE LE SOSPIRATE VACANZEDELLA FIGLIA. MA QUANDO TUTTO SEMBRA ANDARE COME PREVISTO ECCO CHE APPAREIL PRINCIPE AZZURRO DA CONQUISTARE. DOVRA' ESSERE LUI A SALVARE LA SUA BELLA DALLE GRINFIE DI UN PERFIDO AMANTE. UNA BRILLANTE COMMEDIA DEGLI EQUIVOCI INTERPRETATA CON IRONIA E SPREZZO DE PERICOLO DA UN FIORENTE DEPARDIEU.</subfield>
  </datafield>
  <datafield tag="538" ind1=" " ind2=" ">
    <subfield code="a">PAL, STEREO</subfield>
  </datafield>
  <datafield tag="546" ind1=" " ind2=" ">
    <subfield code="a">ITALIANO</subfield>
  </datafield>
  <datafield tag="650" ind1=" " ind2=" ">
    <subfield code="a">COMMEDIA</subfield>
    <subfield code="e">DVD-FILM [DVD]</subfield>
    <subfield code="x">Codice MATERIA SPICS: 9947</subfield>
    <subfield code="9">36668</subfield>
  </datafield>
  <datafield tag="700" ind1=" " ind2=" ">
    <subfield code="a">Bernheim Francois</subfield>
    <subfield code="e">(musica)</subfield>
    <subfield code="g">Codice Musica SPICS: 58069</subfield>
    <subfield code="9">37634</subfield>
  </datafield>
  <datafield tag="700" ind1=" " ind2=" ">
    <subfield code="a">Lauzier Gerard </subfield>
    <subfield code="e">(regista)</subfield>
    <subfield code="g">Codice regista SPICS: 58067</subfield>
    <subfield code="9">37635</subfield>
  </datafield>
  <datafield tag="700" ind1=" " ind2=" ">
    <subfield code="a">Maurel Annie </subfield>
    <subfield code="e">(soggetto)</subfield>
    <subfield code="g">Codice Soggetto SPICS: 58068</subfield>
    <subfield code="9">37636</subfield>
  </datafield>
  <datafield tag="942" ind1=" " ind2=" ">
    <subfield code="c">DV</subfield>
    <subfield code="2">ddc</subfield>
  </datafield>
  <datafield tag="999" ind1=" " ind2=" ">
    <subfield code="c">104782</subfield>
    <subfield code="d">104782</subfield>
  </datafield>
  <datafield tag="952" ind1=" " ind2=" ">
    <subfield code="0">0</subfield>
    <subfield code="1">0</subfield>
    <subfield code="4">0</subfield>
    <subfield code="6">H_5349_000000000000000</subfield>
    <subfield code="7">1</subfield>
    <subfield code="a">SPICS</subfield>
    <subfield code="b">SPICS</subfield>
    <subfield code="d">2015-01-31</subfield>
    <subfield code="l">0</subfield>
    <subfield code="o">H5349</subfield>
    <subfield code="r">2015-01-31 00:00:00</subfield>
    <subfield code="w">2015-01-31</subfield>
    <subfield code="y">DV</subfield>
    <subfield code="z">Progr. Ins.: 3262 / N.Vol.:1 / Copie: 1 / Pag.:0 / Copia rara: n.d. / date import: 1.2.2015 / By Epidotti, Trombetti, Vaglietti</subfield>
  </datafield>
</record>
